000 00982cam a2200289 a 4500
999 _c7371
_d7371
001 7371
003 BD-JhCC
005 20180210101705.0
008 881004s1989 coua b 001 0 eng
020 _a0813307732 (alk. paper) :
_c$33.50
020 _a0813307740 (pbk. : alk. paper) :
_c$16.95
035 _a(BD-JhCC)7371
040 _aDLC
_cDLC
_dDLC
_dBD-JhCC
041 _aeng
050 0 0 _aDJK50
_b.C46 1989
082 0 0 _a947
_219
_bCEN 1989
245 0 0 _aCentral and Eastern Europe :
_bthe opening curtain? /
_cedited by William E. Griffith.
260 _aBoulder, Colo. :
_bWestview Press,
_c1989.
300 _axix, 458 p. :
_bill. ;
_c24 cm.
504 _aIncludes bibliographical references and index.
651 0 _aEurope, Eastern
_xPolitics and government
_y1945-1989.
651 0 _aEurope, Eastern
_xEconomic conditions
_y1945-1989.
651 0 _aEurope, Eastern
_xForeign relations
_y1945-1989.
700 1 _aGriffith, William E.
942 _2ddc
_cBK